[Event "RUS-ch 64th"]
[Site "Moscow"]
[Date "2011.08.08"]
[Round "1"]
[White "Galkin, Alexander"]
[Black "Timofeev, Artyom"]
[Result "1/2-1/2"]
[WhiteElo "2598"]
[BlackElo "2665"]
[PlyCount "75"]
[EventDate "2011.08.08"]
[EventType "tourn"]
[EventRounds "7"]
[EventCountry "RUS"]
[EventCategory "19"]
[SourceTitle "CBM 144"]
[Source "ChessBase"]
[SourceDate "2011.09.16"]
[SourceVersion "1"]
[SourceVersionDate "2011.09.16"]
[SourceQuality "1"]

1. Nf3 Nf6 2. b3 g6 3. Bb2 Bg7 4. c4 O-O 5. g3 c6 6. Bg2 d5 7. O-O Bg4 8. d3
Nbd7 9. Nbd2 Re8 10. h3 Bxf3 11. Nxf3 e5 12. Nd2 h5 13. Qc2 Qe7 14. e3 Rad8 15.
Rad1 Nf8 16. a3 c5 17. Nf3 Qc7 18. Rfe1 b6 19. Qc1 Bh6 20. Qa1 d4 21. exd4 exd4
22. b4 N6d7 23. Bc1 Bxc1 24. Qxc1 Kg7 25. b5 Ne5 26. Nxe5 Rxe5 27. Bc6 a5 28.
Kg2 Ne6 29. h4 Rxe1 30. Rxe1 Rd6 31. Re4 Qd8 32. Qd2 Qf6 33. Bd5 Nc7 34. Bc6
Re6 35. Qe2 Qe7 36. Qd2 Qf6 37. Qe2 Qe7 38. Qd2 1/2-1/2